00505cam a22001577a 4500008004000000082001300040100002000053245007800073250000900151260002700160300001000187650002300197700002400220999001900244952008400263180718b1962 xxu||||| |||| 00| 0 eng d aB2 B445h aBentham, Jeremy aHandbook of political fallaciescby Jeremy Bentham and Harold A. Larrabee arev. aNew YorkbHarperc1962 a268p. aPolitical Science. aLarrabee, Harold A. c359561d359561 00104070aIIPAbIIPAd1994-02-10oB2 B445hp34362r2018-07-21w2018-07-21yBK